2024/2025 Premier League Goalscorers: Gameweek 38 - Statistics

General Stats
  • This quiz has been taken 25 times
  • The average score is 14 of 24
Answer Stats
Fixture Club Score Goalscorer % Correct
Fulham v Manchester City Manchester City 2-0 Erling Haaland
95%
Liverpool v Crystal Palace Liverpool 1-1 Mohamed Salah
95%
Ipswich v West Ham West Ham 2-0 Jarrod Bowen
91%
Manchester United v Aston Villa Manchester United 1-0 Amad Diallo
82%
Bournemouth v Leicester Bournemouth 1-0 Antoine Semenyo
77%
Bournemouth v Leicester Bournemouth 2-0 Antoine Semenyo
77%
Ipswich v West Ham West Ham 3-1 Mohammed Kudus
77%
Fulham v Manchester City Manchester City 1-0 Ilkay Gundogan
73%
Wolves v Brentford Brentford 1-0 Bryan Mbeumo
68%
Manchester United v Aston Villa Manchester United 2-0 Christian Eriksen
68%
Liverpool v Crystal Palace Crystal Palace 1-0 Ismaila Sarr
68%
Nottingham Forest v Chelsea Chelsea 1-0 Levi Colwill
68%
Tottenham v Brighton Tottenham 1-0 Dominic Solanke
59%
Southampton v Arsenal Arsenal 1-0 Kieran Tierney
55%
Tottenham v Brighton Brighton 1-1 Jack Hinshelwood
50%
Tottenham v Brighton Brighton 2-1 Jack Hinshelwood
50%
Newcastle v Everton Everton 1-0 Beto
45%
Ipswich v West Ham West Ham 1-0 James Ward-Prowse
45%
Ipswich v West Ham Ipswich 2-1 Nathan Broadhead
41%
Southampton v Arsenal Southampton 1-1 Ryan Stewart
41%
Wolves v Brentford Wolves 1-1 Marshall Munetsi
36%
Tottenham v Brighton Brighton 3-1 Matt O'Riley
36%
Tottenham v Brighton Brighton 4-1 Diego Gomez
23%
Southampton v Arsenal Arsenal 2-1 Martin Odegaard
14%
No matching quizzes found
Score Distribution
Percent of People with Each Score
Percentile by Number Answered
Your Score History
You have not taken this quiz